Score 0/21 Timer 10:00
0 Plays Today
Amount of letters Country % Correct
Type in 'Oman' to beginOman
100%
7Namibia
91.3%
10Azerbaijan
87%
5Nepal
82.6%
4Laos
82.6%
5Nauru
82.6%
10New Zealand
82.6%
17Dominican Republic
82.6%
4Cuba
82.6%
9Argentina
82.6%
12United States
82.6%
Amount of letters Country % Correct
18São Tomé and Príncipe
78.3%
7Denmark
78.3%
8Thailand
78.3%
5Egypt
78.3%
8Kiribati
78.3%
5Italy
78.3%
5Yemen
78.3%
7Senegal
78.3%
10Luxembourg
78.3%
5Gabon
78.3%
Come Together.
Have Fun.
All Virtual.
We all need to come together. Play Sporcle's virtual live trivia to have fun, connect with people, and get your trivia on. Join a live hosted trivia game for your favorite pub trivia experience done virtually. If a virtual private party is more your thing, go here for details.

You're not logged in!

Compare scores with friends on all Sporcle quizzes.
OR
Log In

Sporcle TV

Today on Sporcle TV


Watch our educational content, quiz creation guides, and fun videos on Sporcle TV.

Show Comments

Extras

Top Quizzes Today


Score Distribution

Paid Content

Your Account Isn't Verified!

In order to create a playlist on Sporcle, you need to verify the email address you used during registration. Go to your Sporcle Settings to finish the process.

Report this User

Report this user for behavior that violates our Community Guidelines.

Details: